[Event "FRA-ch Youth 2017"]
[Site "Belfort"]
[Date "2017.04.23"]
[Round "9"]
[White "Popov, Konstantin"]
[Black "Candelot, Clement"]
[Result "1/2-1/2"]
[WhiteElo "2026"]
[BlackElo "1839"]
[Annotator "NA RC"]
[PlyCount "176"]
[EventDate "2017.??.??"]
[EventCountry "FRA"]
[SourceTitle "playchess.com"]
[Source "ChessBase"]
[SourceQuality "1"]
[TimeControl "5400+30"]

{[%evp 9,176,25,35,32,51,8,34,32767,32767,32767,32767,32767,16,1,-1,-2,9,8,25,20,113,32767,32767,32767,158,169,147,151,159,147,162,77,56,32767,151,32767,32767,32767,32767,31,32767,32767,16,32767,32767,10,17,4,32767,0,33,19,13,0,20,0,3,0,0,-7,32767,-13,-9,-11,0,32767,32,21,79,91,77,86,81,77,32767,32767,32767,32767,32767,32767,32767,87,89,77,81,83,83,32767,86,79,91,83,91,32767,42,0,41,34,32767,32767,32767,32767,39,32767,31,42,32767,32767,32767,0,0,32767,32767,32767,32767,32767,0,32767,32767,32767,251,32767,216,204,32767,32767,32767,32767,249,204,32767,254,469,543,366,522,477,548,549,556,1408,32767,1395,404,371,82,32767,32767,0,0,0,0,0,0,32767,0,0,32767,32767,32767,0,0,0,0,-5,0,0,0,-4]} 1. e4 {[%emt 0:00:33]} e5 {[%emt 0:00:04]} 2. Nf3 {[%emt 0:00:28]} Nc6 {[%emt 0:01:25]} 3. Bb5 {[%emt 0:01:15]} a6 {[%emt 0:00:32]} 4. Ba4 {[%emt 0:00:50]} Nf6 {[%emt 0:00:38]} 5. O-O {[%emt 0:00:43]} b5 {[%emt 0:00:36]} 6. Bb3 {[%emt 0:00:13]} Bc5 {[%emt 0:01:21]} 7. d3 {[%emt 0:03:19]} h6 {[%emt 0:01:38]} 8. a4 {[%emt 0:00:18] C78: Ruy Lopez: Archangelsk and Möller Defences} Rb8 {[%emt 0:01:55]} 9. axb5 {[%emt 0:00:18]} axb5 {[%emt 0:00:17]} 10. c3 {[%emt 0:00:18]} d6 {[%emt 0:01:19]} 11. Nbd2 {[%emt 0:04:00]} O-O {[%emt 0:01:16]} 12. h3 {[%emt 0:00:30] LiveBook: 4 Games} Re8 {[%emt 0:01:17]} 13. Re1 {[%emt 0:00:39]} Bb7 $146 {[%emt 0:01:09]} (13... Bb6 14. Nf1 Ne7 15. Nh4 Be6 16. Be3 Qd7 17. Bxe6 Qxe6 18. Bxb6 Rxb6 {½-½ (31) Zhao,J (2634)-Xu,J (2527) Xinghua 2016}) 14. Nf1 {[%emt 0:00:31]} d5 {[%emt 0:01:31]} (14... Bc8 $11) 15. exd5 {[%emt 0:00:36]} Nxd5 {[%emt 0:00:27]} 16. d4 {[%emt 0:00:06]} Bb6 {[%emt 0:05:41]} 17. dxe5 {[%emt 0:12:25]} Na5 {[%emt 0:04:22]} 18. Bc2 {[%emt 0:00:48]} Ne7 {[%emt 0:02:26] [#]} 19. Nd4 $1 {[%emt 0:10:54]} Bxd4 {[%emt 0:10:26]} 20. Rxa5 {[%emt 0:05:16]} (20. cxd4 $18 Nac6 21. Qd3) 20... Qd5 {[%emt 0:07:22]} 21. Qg4 {[%emt 0:08:48]} h5 {[%emt 0:13:02]} (21... Bb6 $14 22. Ra1 h5) 22. Qe4 {[%emt 0:00:47]} Qxe4 {[%emt 0:00:59]} 23. Bxe4 {[%emt 0:00:10]} Bxe4 {[%emt 0:02:01]} 24. Rxe4 {[%emt 0:00:08]} Bb6 {[%emt 0:00:05]} 25. Ra1 {[%emt 0:04:05]} Ng6 {[%emt 0:00:34]} 26. e6 {[%emt 0:03:44]} Rxe6 {[%emt 0:00:19]} 27. Rxe6 {[%emt 0:00:16]} fxe6 {[%emt 0:00:04]} 28. Be3 {[%emt 0:00:04]} Bxe3 {[%emt 0:00:36]} 29. Nxe3 {[%emt 0:00:08]} Rb7 {[%emt 0:00:42]} 30. Nc2 {[%emt 0:01:58]} Nf4 {[%emt 0:01:07]} 31. Nd4 {[%emt 0:00:45]} c5 {[%emt 0:01:37]} 32. Ra8+ {[%emt 0:07:45]} Kh7 {[%emt 0:02:01]} 33. Nf3 {[%emt 0:00:17]} Kg6 {[%emt 0:00:59]} 34. Rc8 {[%emt 0:00:47]} Nd3 {[%emt 0:01:45]} 35. Rc6 {[%emt 0:01:01]} Kf6 {[%emt 0:00:53]} 36. h4 {[%emt 0:00:23]} b4 {[%emt 0:01:50]} 37. Ng5 {[%emt 0:06:14]} Nxb2 {[%emt 0:03:06]} 38. Nxe6 {[%emt 0:00:13]} Ke5 {[%emt 0:01:08]} (38... c4 $1 $11 39. Nd8+ Ke5 40. Rc5+ (40. Nxb7 bxc3 41. Nd6 Kd5 $11) 40... Kf6 41. Rc6+ (41. Nxb7 bxc3 42. Ra5 c2 $16) 41... Ke5 42. Rc5+ Kf6 43. Rc6+) 39. Nxc5 {[%emt 0:00:33]} Rb5 {[%emt 0:00:38]} 40. cxb4 {[%emt 0:00:24]} Rxb4 {[%emt 0:00:30]} 41. Nd7+ {[%emt 0:02:15]} Kf5 {[%emt 0:02:42]} 42. Rc5+ {[%emt 0:00:28]} Ke6 {[%emt 0:01:12]} 43. Nf8+ {[%emt 0:00:34]} Ke7 {[%emt 0:01:00]} 44. Rf5 {[%emt 0:00:10]} Rb6 {[%emt 0:00:53]} 45. Nh7 {[%emt 0:00:57]} g6 {[%emt 0:00:15]} 46. Rc5 {[%emt 0:00:47]} Nd3 {[%emt 0:01:01]} 47. Rc7+ {[%emt 0:00:43]} Ke6 {[%emt 0:00:19]} 48. Ng5+ {[%emt 0:03:10]} Kf5 {[%emt 0:01:02]} 49. g3 {[%emt 0:01:12]} Rb2 {[%emt 0:01:44]} 50. Rf7+ {[%emt 0:02:38]} Ke5 {[%emt 0:00:59]} 51. f4+ {[%emt 0:04:47]} Kd4 {[%emt 0:00:19]} 52. Rd7+ {[%emt 0:01:33]} (52. Re7) 52... Ke3 $1 {[%emt 0:00:25]} 53. Re7+ {[%emt 0:00:08]} Kd4 {[%emt 0:01:19]} 54. Nf3+ {[%emt 0:00:08]} Kd5 {[%emt 0:00:17]} 55. Ne5 {[%emt 0:05:21]} Rb1+ {[%emt 0:00:13]} 56. Kg2 {[%emt 0:00:08]} Rb2+ {[%emt 0:00:17]} 57. Kf1 {[%emt 0:00:14]} Nc5 {[%emt 0:04:00]} 58. Nxg6 {[%emt 0:02:29]} Ne4 {[%emt 0:00:07]} 59. Rd7+ {[%emt 0:00:06]} Ke6 $1 {[%emt 0:01:14]} 60. Rd3 {[%emt 0:00:43]} Kf5 {[%emt 0:00:24]} 61. Ne5 {[%emt 0:00:27]} Rb1+ {[%emt 0:00:50]} 62. Kg2 {[%emt 0:00:38]} Rb2+ {[%emt 0:00:05]} 63. Kf3 {[%emt 0:01:43]} Rh2 {[%emt 0:00:41]} 64. Nf7 {[%emt 0:02:36]} Nf6 $2 {[%emt 0:02:48]} ({Better is} 64... Nd2+ $14 65. Ke3 Nf1+ 66. Kd4 Nxg3) 65. Nh6+ {[%emt 0:00:27]} Kg6 {[%emt 0:00:24]} 66. Rd6 {[%emt 0:00:08]} Kg7 {[%emt 0:00:35]} 67. Nf5+ {[%emt 0:00:51]} Kg6 {[%emt 0:00:13]} 68. Ne3 {[%emt 0:00:06]} Kf7 {[%emt 0:00:35]} 69. Rc6 {[%emt 0:01:37]} Ra2 {[%emt 0:00:14]} 70. Rc7+ {[%emt 0:00:58]} Ke6 $2 {[%emt 0:00:32]} (70... Ke8 {was worth a try.} 71. Nc4 Kf8 72. Rc8+ Kg7) 71. f5+ {[%emt 0:00:16]} Kd6 {[%emt 0:00:07]} 72. Rf7 {[%emt 0:00:25]} Ke5 {[%emt 0:01:08]} 73. Re7+ {[%emt 0:00:17]} Kd4 {[%emt 0:00:20]} 74. Re6 {[%emt 0:00:07]} Ra3 {[%emt 0:02:49]} 75. Rxf6 {[%emt 0:00:22]} Rxe3+ {[%emt 0:00:05]} 76. Kg2 {[%emt 0:00:35]} (76. Kf4 $142 {Hoping for Rd6+.} Re4+ 77. Kg5 Rg4+ 78. Kxh5 Rxg3 79. Rg6) 76... Re5 {[%emt 0:00:13]} (76... Re2+ $142 77. Kf3 Ra2) 77. Kh3 $2 {[%emt 0:00:11]} (77. Rf8 $18 {is more deadly. Black must now prevent f6.} Ke4 78. f6) 77... Ke4 {[%emt 0:00:18]} 78. g4 {[%emt 0:00:13]} Kf3 $1 {[%emt 0:00:35]} 79. gxh5 {[%emt 0:00:46]} Re1 {[%emt 0:00:09]} 80. Kh2 {[%emt 0:00:10]} Re4 {[%emt 0:00:08]} 81. Rh6 {[%emt 0:05:17]} Rxh4+ {[%emt 0:00:26]} 82. Kg1 {[%emt 0:00:03]} Rf4 {[%emt 0:00:20]} 83. Rh8 {[%emt 0:01:43]} Rxf5 {[%emt 0:00:19]} 84. h6 {[%emt 0:00:05]} Rf7 {[%emt 0:01:00]} 85. h7 {[%emt 0:00:39]} Kf4 {[%emt 0:00:25]} 86. Kg2 {[%emt 0:00:39]} Kf5 $1 {[%emt 0:00:08]} 87. Kg3 {[%emt 0:00:30]} Kf6 {[%emt 0:00:06]} 88. Kg4 {[%emt 0:00:35]} Kg7 $11 {[%emt 0:00:14]} 1/2-1/2

[Event "FRA-ch Youth 2017"]
[Site "Belfort"]
[Date "2017.04.23"]
[Round "9"]
[White "Retailleau, Elise"]
[Black "Aubert, Laurane"]
[Result "1-0"]
[WhiteElo "1946"]
[BlackElo "1998"]
[Annotator "NA RC"]
[PlyCount "133"]
[EventDate "2017.??.??"]
[EventCountry "FRA"]
[SourceTitle "playchess.com"]
[Source "ChessBase"]
[SourceQuality "1"]
[TimeControl "5400+30"]

{[%evp 20,133,-8,32767,-17,32767,-14,32767,38,0,58,11,95,27,139,125,32767,32767,193,32767,134,160,32767,181,243,220,202,32767,325,413,329,32767,233,288,32767,302,277,32767,131,-526,-523,-558,-110,-109,32767,32767,32767,32767,-57,32767,0,-83,32767,32767,32767,32767,32767,32767,8,32767,32767,32767,32767,32767,32767,32767,32767,32767,32767,32767,32767,32767,32767,69,90,144,32767,57,95,126,140,49,591,716,32767,32767,6095,4613,5515,631,32767,4919,29969,11689,32767,29975,29975,29975,29970,29977,29971,29981,29964,29981,29981,32767,29981,32767,29982,29982,29984,29984,29983,29986,29984,29986]} 1. e4 {[%emt 0:00:00]} c5 {[%emt 0:00:03]} 2. Nf3 {[%emt 0:00:00]} e6 3. d4 {[%emt 0:00:01]} cxd4 {[%emt 0:00:10]} 4. Nxd4 {[%emt 0:00:16]} Nf6 {[%emt 0:00:04]} 5. Bd3 {[%emt 0:00:39]} Nc6 {[%emt 0:00:50]} 6. Nxc6 {[%emt 0:00:28]} bxc6 {[%emt 0:00:06]} 7. O-O {[%emt 0:00:34]} d5 {[%emt 0:00:08]} 8. Nc3 {[%emt 0:00:37]} Be7 {[%emt 0:01:34]} 9. e5 {[%emt 0:01:21] B40: Sicilian: 2...e6, Unusual lines} (9. Qe2 O-O 10. b3 Bb7 11. Bb2 c5 12. Rad1 Qc7 13. Nb5 Qb6 14. e5 Nd7 15. c4 d4 16. f4 g6 17. Be4 Bxe4 18. Qxe4 {1-0 (61) Pichot,A (2544)-Tregubov,P (2585) Doha 2016}) 9... Nd7 {[%emt 0:00:29]} 10. Qg4 {[%emt 0:00:50]} Nxe5 {[%emt 0:18:51]} 11. Qxg7 {[%emt 0:02:00]} Bf6 {[%emt 0:00:14]} 12. Qh6 {[%emt 0:02:41]} Nxd3 {[%emt 0:05:18]} 13. cxd3 {[%emt 0:00:34]} Ba6 {[%emt 0:08:20]} 14. Rd1 {[%emt 0:03:23]} Qe7 $146 {[%emt 0:04:14]} (14... Rb8 15. Ne2 Rg8 16. Rb1 Rb4 {1-0 (55) Cravens,D (1803)-Lannoy,J (1643) IECC email 2010}) 15. d4 {[%emt 0:06:52]} O-O-O {[%emt 0:09:06]} (15... Rg8 $14) 16. Na4 {[%emt 0:11:44]} (16. Bf4 $16) 16... Rdg8 {[%emt 0:03:04]} (16... Be2 $11 17. Re1 Bb5) 17. Qe3 {[%emt 0:02:01]} Rg6 {[%emt 0:14:37]} 18. Nc5 {[%emt 0:04:35]} Bb7 {[%emt 0:04:38]} 19. Qc3 {[%emt 0:04:41]} Rhg8 {[%emt 0:00:48]} 20. g3 {[%emt 0:01:58]} Rg4 {[%emt 0:03:44]} 21. b4 {[%emt 0:10:01]} ({Much less strong is} 21. Nxb7 $6 Qxb7 22. Kh1 Kb8 $14) 21... Qc7 {[%emt 0:03:28]} 22. Kh1 {[%emt 0:07:26]} e5 {[%emt 0:01:56]} 23. Qf3 {[%emt 0:01:11]} Qe7 {[%emt 0:05:22]} (23... Be7 $142 24. Qf5+ Kd8) 24. Qf5+ {[%emt 0:05:58]} Kc7 {[%emt 0:08:44]} 25. Rb1 {[%emt 0:05:20]} Bc8 {[%emt 0:00:53] [#]} 26. Qf3 $1 {[%emt 0:02:34]} Rxd4 {[%emt 0:03:53]} 27. Rxd4 {[%emt 0:03:25]} exd4 {[%emt 0:00:07]} 28. Bf4+ {[%emt 0:02:03]} Kd8 {[%emt 0:00:08]} 29. Nd3 $2 {[%emt 0:02:18] [#]} (29. Rc1 $16 {and life is bright.}) 29... Bg4 $1 {[%emt 0:00:31]} ({Less strong is} 29... Qe4 30. Qxe4 dxe4 31. Ne5 $17) 30. Qg2 {[%emt 0:02:08] [#]} Qe4 $2 {[%emt 0:01:03]} (30... Qe2 $1 $19 {has better winning chances.} 31. Ne1 Re8) 31. Qxe4 {[%emt 0:01:56]} dxe4 {[%emt 0:00:03]} 32. Nc5 {[%emt 0:01:08]} Bf3+ {[%emt 0:00:04]} 33. Kg1 $11 {[%emt 0:00:38] keeps the balance.} Be7 {[%emt 0:02:42]} 34. Nb3 {[%emt 0:06:15]} Bf6 {[%emt 0:00:32]} ({Worse is} 34... Bxb4 35. Nxd4 Bf8 36. Nxc6+ (36. Nxf3 exf3 37. Rb7 Ke8 $16) 36... Kd7 37. Ne5+ (37. Nxa7 Bc5 $11) (37. Nd4 Bg4 38. Rb7+ Ke8 39. Rb8+ Ke7 40. Nc6+ Kf6 $16) 37... Ke6 38. Rb8 $16 (38. Nxf3 exf3 39. Rb8 Rh8 40. Re8+ Kd7 $16)) (34... d3 $1 $15) 35. Nd2 {[%emt 0:02:05]} Re8 {[%emt 0:01:26]} 36. Nxf3 {[%emt 0:00:50]} exf3 {[%emt 0:00:04]} 37. Kf1 {[%emt 0:00:40]} Re2 {[%emt 0:00:25]} 38. a3 {[%emt 0:00:59]} d3 $2 {[%emt 0:00:52]} (38... Ra2 $19 39. Rd1 Rxa3) 39. Rd1 {[%emt 0:02:26]} Bd4 {[%emt 0:00:47]} 40. Rxd3 {[%emt 0:01:44]} Rxf2+ {[%emt 0:00:03]} 41. Ke1 {[%emt 0:00:51]} Re2+ {[%emt 0:00:08]} 42. Kd1 {[%emt 0:00:44]} Re4 {[%emt 0:00:47]} 43. Rxf3 {[%emt 0:00:41]} Ke7 {[%emt 0:00:35]} 44. Kd2 {[%emt 0:01:04]} Re6 {[%emt 0:00:35]} 45. a4 {[%emt 0:00:59]} c5 {[%emt 0:00:29]} 46. b5 {[%emt 0:01:19]} a6 {[%emt 0:00:28]} 47. Rb3 {[%emt 0:00:39]} axb5 {[%emt 0:00:28]} 48. Rxb5 {[%emt 0:00:18]} (48. axb5 $18 Rb6 49. Kd3) 48... Ra6 {[%emt 0:00:20]} ({Black should play} 48... Kd7 $14) 49. a5 {[%emt 0:00:30]} Kd7 {[%emt 0:00:47]} 50. Rb7+ {[%emt 0:00:32]} (50. Kd3 $16) 50... Ke6 $2 {[%emt 0:00:07]} ({Black should try} 50... Kc6 $1 $14 51. Rxf7 Rxa5) 51. Rb6+ {[%emt 0:00:14]} Rxb6 {[%emt 0:00:53]} 52. axb6 {[%emt 0:00:05]} c4 {[%emt 0:00:29]} 53. b7 {[%emt 0:00:41]} Ba7 {[%emt 0:00:11]} 54. b8=Q Bxb8 {[%emt 0:00:04]} 55. Bxb8 {[%emt 0:00:45]} Kf5 {[%emt 0:00:33]} 56. Kc3 {[%emt 0:00:12]} Kg4 {[%emt 0:00:10]} 57. h4 {[%emt 0:00:22]} Kf3 {[%emt 0:00:25]} 58. Kxc4 {[%emt 0:00:06]} Ke4 {[%emt 0:00:04]} 59. Bf4 {[%emt 0:00:59]} Kf5 {[%emt 0:00:36]} 60. Kd5 {[%emt 0:00:07]} Kf6 {[%emt 0:00:10]} 61. Kd6 {[%emt 0:00:14]} Kf5 {[%emt 0:00:14]} 62. Ke7 {[%emt 0:00:12]} Kg6 {[%emt 0:00:04]} 63. Be5 {[%emt 0:01:07]} h6 {[%emt 0:00:20]} 64. Bb2 {[%emt 0:00:44]} h5 {[%emt 0:00:44]} 65. Bc3 {[%emt 0:00:17]} Kf5 {[%emt 0:00:46]} 66. Kxf7 {[%emt 0:00:10]} Kg4 {[%emt 0:00:04]} 67. Be5 {[%emt 0:00:09]} 1-0

[Event "FRA-ch Youth 2017"]
[Site "Belfort"]
[Date "2017.04.23"]
[Round "9"]
[White "Djidjeli, Sarah"]
[Black "Yuan, Beline"]
[Result "0-1"]
[WhiteElo "1934"]
[BlackElo "1845"]
[Annotator "NA RC"]
[PlyCount "112"]
[EventDate "2017.??.??"]
[EventCountry "FRA"]
[SourceTitle "playchess.com"]
[Source "ChessBase"]
[SourceQuality "1"]
[TimeControl "5400+30"]

{[%evp 8,110,4,-3,0,5,6,4,32767,6,42,-24,-33,-46,32767,-16,17,-2,16,10,25,-22,0,-10,1,0,0,0,26,0,0,0,32767,32767,32767,26,32767,32767,32767,32767,32767,-5,0,-30,-17,-57,-47,-42,-4,32767,-15,-105,-96,-109,32767,-85,32767,-170,-31,-48,32767,-16,32767,32767,56,32767,90,91,32767,60,135,138,174,158,191,189,32767,-695,32767,32767,-885,-909,-971,-1057,32767,-1068,-950,32767,32767,32767,32767,32767,32767,32767,32767,32767,32767,32767,32767,32767,32767,32767,32767,32767,-29973]} 1. e4 {[%emt 0:00:00]} e6 {[%emt 0:00:18]} 2. d4 {[%emt 0:00:00]} d5 {[%emt 0:00:10]} 3. Nc3 {[%emt 0:00:00]} Bb4 {[%emt 0:00:30]} 4. Bd3 {[%emt 0:00:00]} dxe4 {[%emt 0:03:26]} 5. Bxe4 {[%emt 0:00:07]} Nf6 {[%emt 0:00:22]} 6. Bf3 {[%emt 0:01:02]} c5 {[%emt 0:01:00]} 7. Nge2 {[%emt 0:01:05] LiveBook: 46 Games} O-O 8. O-O {[%emt 0:01:38] C15: French: 3 Nc3 Bb4: Unusual White 4th moves} (8. a3 cxd4 9. axb4 dxc3 10. Qxd8 Rxd8 11. Nxc3 Nc6 12. Bxc6 bxc6 13. Be3 a6 14. Na4 Nd5 15. Bd2 Rb8 {½-½ (46) Ivanov,A (2402)-Petr,M (2478) Pardubice 2009}) 8... Nc6 {[%emt 0:11:42]} 9. Be3 {[%emt 0:13:51]} cxd4 {[%emt 0:04:51]} 10. Nxd4 {[%emt 0:00:48]} Bxc3 $146 {[%emt 0:01:32]} (10... Ne5 11. Be2 Bxc3 12. bxc3 Nd5 13. Qd2 Bd7 14. f4 Nxe3 15. Qxe3 Ng6 {0-1 (54) Werner,C (2322)-Biebinger,G (2283) Germany 2011}) 11. bxc3 {[%emt 0:05:56]} Ne7 {[%emt 0:01:13]} 12. Nb5 {[%emt 0:03:10]} Qa5 {[%emt 0:03:43]} 13. c4 {[%emt 0:07:41]} Rd8 {[%emt 0:01:21]} 14. Qe2 {[%emt 0:01:25]} (14. Qe1 $14 Qa4 15. Qc3) 14... a6 $1 {[%emt 0:01:54]} 15. Nd4 {[%emt 0:00:26]} e5 {[%emt 0:01:16]} 16. Nb3 {[%emt 0:00:24]} Qc7 $1 {[%emt 0:00:24]} 17. Bg5 {[%emt 0:02:55]} Ne8 {[%emt 0:05:49]} 18. Bd5 {[%emt 0:02:05]} Nf6 {[%emt 0:07:12]} 19. Bxf6 {[%emt 0:03:21]} gxf6 {[%emt 0:00:08]} 20. Rad1 {[%emt 0:00:18]} Ng6 {[%emt 0:05:26]} 21. Qf3 {[%emt 0:04:05]} f5 {[%emt 0:01:55]} 22. Qh5 {[%emt 0:01:10]} Be6 {[%emt 0:02:28]} 23. Bxe6 {[%emt 0:03:43]} fxe6 {[%emt 0:00:18]} 24. Qe2 {[%emt 0:01:45]} Kh8 {[%emt 0:09:43]} 25. Kh1 {[%emt 0:14:09]} Rg8 {[%emt 0:06:14]} 26. Rde1 {[%emt 0:01:25]} Rac8 {[%emt 0:04:00]} 27. c5 {[%emt 0:01:32]} Qc6 {[%emt 0:03:04]} 28. Rg1 {[%emt 0:03:11]} Rg7 {[%emt 0:02:33]} 29. Qf3 {[%emt 0:01:29]} (29. f3 $1 $11) 29... Qxf3 {[%emt 0:05:21]} 30. gxf3 {[%emt 0:00:08]} Rd7 {[%emt 0:00:34]} 31. Re3 {[%emt 0:02:36]} Rcd8 {[%emt 0:01:57]} 32. Rb1 {[%emt 0:05:31]} (32. a4 $17) 32... Nh4 {[%emt 0:03:43]} ({Much less strong is} 32... Nf4 33. h4 $15) (32... Kg7 $17 {aiming for ...Kf6.} 33. Na5 Rd1+ 34. Re1 Rxe1+ 35. Rxe1 Rd2) 33. Rxe5 {[%emt 0:02:05]} Rd1+ {[%emt 0:01:39]} 34. Re1 {[%emt 0:00:14]} Rxb1 {[%emt 0:00:26]} 35. Rxb1 {[%emt 0:00:31]} Rd5 {[%emt 0:01:41]} (35... Kg7 $11) 36. f4 {[%emt 0:01:35]} Kg8 {[%emt 0:02:35] [#]} 37. c4 $1 {[%emt 0:03:29]} Rd3 {[%emt 0:00:22]} 38. Na5 {[%emt 0:00:42]} Rc3 {[%emt 0:00:11]} 39. Kg1 {[%emt 0:01:34]} ({Much weaker is} 39. Nxb7 $6 Rxc4 40. Nd8 Rxc5 $11) 39... Rc2 {[%emt 0:02:32]} 40. h3 {[%emt 0:00:43]} ({Much less strong is} 40. Nxb7 $6 Rxc4 41. Nd8 Rxc5 $14) 40... Nf3+ {[%emt 0:00:09]} (40... e5 $16 {was worth a try.}) 41. Kg2 {[%emt 0:00:20]} Nd2 {[%emt 0:00:03]} 42. Nxb7 $4 (42. Rxb7 $18 Nxc4 43. Nb3 Ne3+ 44. Kg3) 42... Nxb1 {[%emt 0:00:38]} 43. Nd6 {[%emt 0:02:52]} Nd2 {[%emt 0:00:32]} 44. c6 {[%emt 0:00:13]} Nxc4 {[%emt 0:00:02]} 45. Ne8 {[%emt 0:00:18]} Nb6 {[%emt 0:00:25]} 46. c7 {[%emt 0:00:14]} Nc8 {[%emt 0:00:11]} 47. Nf6+ {[%emt 0:00:09]} Kg7 {[%emt 0:00:09]} 48. Nd7 {[%emt 0:00:51]} Rxc7 {[%emt 0:00:10]} 49. Ne5 {[%emt 0:00:01]} Rc2 {[%emt 0:00:17]} 50. a3 {[%emt 0:00:29]} Nd6 {[%emt 0:00:06]} 51. Nd3 {[%emt 0:00:22]} Rc3 {[%emt 0:00:12]} 52. Nb4 {[%emt 0:00:17]} Rxa3 {[%emt 0:00:05]} 53. Nc2 {[%emt 0:00:03]} Rc3 {[%emt 0:00:15]} 54. Nd4 {[%emt 0:00:06]} Kf6 {[%emt 0:00:05]} 55. Ne2 {[%emt 0:00:10]} Rc4 {[%emt 0:00:14]} 56. Ng3 {[%emt 0:00:36]} Ne4 {[%emt 0:00:05]} 0-1

[Event "FRA-ch Youth 2017"]
[Site "Belfort"]
[Date "2017.04.23"]
[Round "9"]
[White "Maugenest, Ghislain"]
[Black "Trabet, Mathis"]
[Result "1-0"]
[WhiteElo "1915"]
[BlackElo "1675"]
[Annotator "NA RC"]
[PlyCount "57"]
[EventDate "2017.??.??"]
[EventCountry "FRA"]
[SourceTitle "playchess.com"]
[Source "ChessBase"]
[SourceQuality "1"]
[TimeControl "5400+30"]

{[%evp 8,53,27,10,4,33,17,10,31,6,32767,-10,43,0,32767,32767,17,32767,20,-108,416,345,416,356,522,311,328,340,345,355,32767,32767,32767,32767,32767,32767,32767,32767,32767,32767,32767,414,524,538,510,32767,516,516]} 1. d4 {[%emt 0:00:00]} Nf6 {[%emt 0:00:15]} 2. c4 {[%emt 0:00:00]} c5 {[%emt 0:00:23]} 3. d5 {[%emt 0:00:00]} b5 {[%emt 0:00:30]} 4. cxb5 {[%emt 0:00:00]} a6 {[%emt 0:00:13]} 5. f3 {[%emt 0:00:27]} e6 {[%emt 0:00:42]} 6. e4 {[%emt 0:01:46]} exd5 {[%emt 0:01:33]} 7. e5 {[%emt 0:00:25]} Qe7 {[%emt 0:01:19]} 8. Qe2 {[%emt 0:00:30]} Ng8 {[%emt 0:00:19]} 9. Nc3 {[%emt 0:00:47]} Bb7 {[%emt 0:00:40]} 10. Nh3 {[%emt 0:00:48]} c4 {[%emt 0:02:35]} 11. Be3 {[%emt 0:02:30]} axb5 {[%emt 0:12:02] LiveBook: 36 Games} 12. O-O-O {[%emt 0:02:20]} Qxe5 {[%emt 0:10:46] A57: Benko/Volga Gambit} 13. Qf2 $146 {[%emt 0:15:04]} (13. Nxb5 $11 {keeps the balance.} Na6 14. Bd4 Qxe2 15. Bxe2) (13. f4 Qe7 14. Rxd5 d6 15. Rxb5 Nf6 16. Qd2 d5 17. Bxc4 dxc4 18. Bc5 Qd7 19. Qe3+ Qe6 20. Rxb7 Qxe3+ 21. Bxe3 {1-0 (47) Dlugy,M (2560)-Alburt,L (2535) Los Angeles 1991}) 13... Ne7 $2 {[%emt 0:07:54]} (13... Bc6 $11 {and Black stays safe.}) 14. Bf4 {[%emt 0:01:59]} Qf6 {[%emt 0:04:57]} 15. Nxb5 {[%emt 0:04:45]} Ng6 {[%emt 0:04:42]} 16. Qe3+ {[%emt 0:03:40]} Be7 {[%emt 0:02:42]} 17. Nc7+ {[%emt 0:04:14]} Kf8 {[%emt 0:01:18]} 18. Nxa8 {[%emt 0:01:29]} Nxf4 {[%emt 0:01:09]} 19. Qxf4 {[%emt 0:02:28]} Qxf4+ {[%emt 0:00:06]} 20. Nxf4 {[%emt 0:00:01]} Bg5 {[%emt 0:00:18]} 21. Nb6 {[%emt 0:00:23]} Bxf4+ {[%emt 0:00:12]} 22. Kb1 {[%emt 0:00:16]} d4 {[%emt 0:03:56]} 23. Rxd4 {[%emt 0:11:01]} Be3 {[%emt 0:01:48]} 24. Rxc4 {[%emt 0:00:15]} Ba6 {[%emt 0:01:26]} 25. Rb4 {[%emt 0:00:33]} Bc5 {[%emt 0:04:18]} 26. Rb3 {[%emt 0:02:10]} Bxf1 {[%emt 0:00:44]} 27. Rxf1 $18 {[%emt 0:00:10]} Bd6 {[%emt 0:00:58]} 28. Rd1 {[%emt 0:01:10]} Ke7 {[%emt 0:00:54]} 29. Re3+ {[%emt 0:00:08]} 1-0